000 00648cam a2200241 4500
001 sa 68012336
003 DLC
005 20260227112609.0
008 691021s1968 ii k 001 0 eng
010 _asa 68012336
025 _aPL480:I-E-10755
040 _aDLC
_cDLC
_dDLC
050 0 0 _aKNS3147
_b.C427 1968
082 0 0 _a340
100 1 _aChaturvedi, K.
245 1 4 _aThe central sales tax laws.
250 _a2d rev. ed.
260 _aCalcutta,
_bEastern Law House,
_c1968.
300 _a2 v.
_bforms.
_c25 cm.
350 _a40.00
650 0 _aSales tax
_xLaw and legislation
_zIndia.
710 1 _aIndia.
_tCentral Sales Tax Act, 1956.
999 _c84465
_d84465